Les métiers en chanson - Statistiques

Statistiques générales
  • Ce quiz a été pris 55 fois
  • Le résultat moyen est 5 sur 50
Statistiques - réponses
Indices Interprètes Chansons % Correct
Artiste Daniel Balavoine Le Chanteur
68%
Employé Serge Gainsbourg Le poinçonneur des Lilas
68%
Servante Annie Cordy La bonne du curé
46%
Elu Gérard Lenorman Si j'étais président
44%
Homme d'affaire Claude Dubois Le blues du businessman
42%
Professeur Hugues Aufray Adieu Monsieur le professeur
40%
Professeur Jean Jacques Goldman Il changeait la vie
34%
Ouvrier Pierre Bachelet Les Corons
32%
Artisan Vanessa Paradis Joe le Taxi
30%
Militaire Bourvil La tactique du gendarme
20%
Artiste France Gall Cézanne peint
18%
Malfaiteur Jacques Dutronc Le gentleman-cambrioleur
18%
Artiste Pierre Bachelet Marionnettiste
12%
Médecin Henri Salvador Le blues du dentiste
10%
Artisan Pierre Perret Le Plombier
8%
Coomerçante Bourvil Les Crayons
8%
Secrétaire Les Chaussettes noires Dactylo rock
6%
Médecin Francis Cabrel Docteur
6%
Artisan Francis Lemarque Le petit cordonnier
6%
Employée Jacques Dutronc L'hôtesse de l'air
6%
Pompier Sacha Distel L'incendie à Rio
6%
Ouvrier Georges Brassens Le Fossoyeur
2%
Moniteur Bourvil Le maître nageur
2%
Ouvrière Jacqueline François Les lavandières du Portugal
2%
Spécialiste Carlos Monsieur Météo
2%
Artiste Edith Piaf Bravo pour le clown
0%
Ouvrier Edith Piaf Coup de grisou
0%
Artiste Frères Jacques C'que c'est beau la photographie
0%
Marin Dalida Gondolier
0%
Artiste Jacques Brel La chanson de Jacky
0%
Ouvrier Aristide Bruant La chanson des Canuts
0%
Artiste Maxime Le Forestier La chanson du jongleur
0%
P. Georges Brassens La complainte des filles de joie
0%
Artiste Michel Sardou L'Acteur
0%
Artisan Serge Reggiani Le barbier de Belleville
0%
Artiste Philippe Clay Le danseur de Charleston
0%
Artiste Gérard Lenorman Le Funambule
0%
Professeur Alain Souchon Le maître d'école
0%
Commerçant Gilbert Bécaud Le marchand de ballons
0%
Artiste Suzy Solidor Le petit rat
0%
Artiste Maxime Le Forestier Le Saltimbanque
0%
Artiste Gilbert Bécaud Les Comédiens
0%
Artisan Serge Gainsbourg Les déménageurs de piano
0%
Manoeuvre Nino Ferrer Les hommes à tout faire
0%
Ouvrier Claude Nougaro Les mines de charbon
0%
Ouvrière Georgette Plana L'hirondelle du faubourg
0%
Servante Juliette Maudite clochette
0%
Cuisinier Claude Barzotti Pizzaioilo
0%
Ouvrier Renaud Son bleu
0%
Artisan Guy Marchand Taxi de nuit
0%
Aucun quiz correspondant
Distribution des résultats
% des personnes avec chaque résultat
Percentile par nombre de réponses
Votre historique - résultats
Vous n’avez pas pris ce quiz